Boeing - Les avions de ligne - Statistiques

Statistiques générales
  • Ce quiz a été pris 196 fois
  • Le résultat moyen est 9 sur 10
Statistiques - réponses
Mise en service Avion % Correct
1970 Boeing 747
99%
1968 Boeing 737
96%
1995 Boeing 777
96%
2011 Boeing 787
95%
1964 Boeing 727
93%
1983 Boeing 757
92%
1982 Boeing 767
92%
1999 Boeing 717
91%
1958 Boeing 707
87%
1960 Boeing 720
11%
Aucun quiz correspondant
Distribution des résultats
% des personnes avec chaque résultat
Percentile par nombre de réponses
Votre historique - résultats
Vous n’avez pas pris ce quiz